000 00508cam a22002171 4500
001 sa 68007870
003 DLC
005 20260227112526.0
008 890705s1966 ii 000 0 beno
010 _asa 68007870
035 _a(OCoLC)19963471
040 _aDLC
_cWaU
_dDLC
042 _apremarc
050 0 0 _aPK1718.B6
_bM3
100 1 _aBose, Buddhadeva.
245 1 0 _aMarace-par̥ā perekera gāna.
260 _c[1966]
300 _a69 p.
_c23 cm.
500 _aIn Bengali.
500 _aPoems.
999 _c82070
_d82070